Письмо кн. Ливена П. Лорис-Меликову М. Т. с сообщением о проведении церемониала погребения императора Александра II

RUSMARC
00005591nac2a22003733x 450
001f8cafd6d-a911-432d-b696-4975625e350d
00520240723153024.0
100##$a20240716l1881 k y0rusy50 ca
1010#$arus
102##$aRU
105##$ay z |||||
1220#$ad18810312
2001#$aПисьмо кн. Ливена П. Лорис-Меликову М. Т. с сообщением о проведении церемониала погребения императора Александра II
$j12.03.1881
215##$a1 лист
$d37,3 х 24,6
251##$cДело
300##$aЗаголовок дела на папке: Письмо кн. Ливена П. Лорис-Меликову М. Т. с сообщением о препровождении церемониала погребения Александра II
300##$aРукописный и типографский текст
325##$aЗамикрофильмировано
330##$aВходит в раздел описи: Разные материалы
461#0$1001cda3d175-ae4a-411a-8dea-9cc20fb178f6
$12001
$aЛорис-Меликов Михаил Тариелович, граф, министр внутренних дел, главный начальник "верховной распорядительной комиссии по охранению государственного порядка и общественного спокойствия", генерал от кавалерии
$1251
$cФонд
$1852
$j569
462#0$1001163e060a-d7cc-404d-90ee-e28c9801971b
$12001
$aОпись дел фонда М. Т. Лорис-Меликова за 1858-1915 гг.
$vД. 301
$1251
$cОпись
$1852
$j1
5171#$aПисьмо кн. Ливена П. Лорис-Меликову М. Т. с сообщением о препровождении церемониала погребения Александра II
600#0$aАлександр
$cимп.
$dII
600#1$aЛивен
$bП.
$cкн.
600#1$aЛорис-Меликов
$bМ. Т.
$gМихаил Тариелович
605##$3DITM\AF\0000002775
$aВласть
$lколлекция
$2acquisition_prlib
6101#$aПисьма
$aЦеремониал погребения
686##$a63.3(2)535-332ю1
$cИстория
$2rubbk
686##$a67.400.6ю1
$cПраво
$2rubbk
700#1$aЛивен
$bП.
$cкн.
702#1$aЛорис-Меликов
$bМ. Т.
$gМихаил Тариелович
$4660
801#0$aRU
$bGA_RF
801#1$aRU
$bГлавНИВЦ
$c20240716
$2rusmarc
801#2$aRU
$bПБ им. Б.Н. Ельцина
$c20240723
$gRCR
$2rusmarc
852##$aГА РФ
$j301
937##$d193081640
$hГАРФ
035##$aRuPRLIB51076813
856##$uhttp://readingroom.main.prlib.ru/item.aspx?id_node=n193081640&mode=full
Формат отображения